Statistics for most popular baby names in ireland

Click here to take the quiz!

General Stats

  • This quiz has been taken 575 times
  • The average score is 3 of 10

Answer Stats

HintAnswer% Correct
2james
51%
1jack
47%
4sean
44%
8emma
41%
6emily
40%
7sophie
25%
5conor
24%
3daniel
24%
9grace
15%
10lily
12%

Score Distribution

Percentile by Number Answered

Percent of People with Each Score

Your Score History

You have not taken this quiz